header

Uprooting children (Record no. 103502)

MARC details
000 -LEADER
fixed length control field 01520nam a22003734a 4500
082 04 - DEWEY DECIMAL CLASSIFICATION NUMBER
Classification number 371.2/91
100 1# - MAIN ENTRY--AUTHOR NAME
Personal name Ream, Robert Ketner,
245 10 - TITLE STATEMENT
Title Uprooting children
260 ## - PUBLICATION, DISTRIBUTION, ETC. (IMPRINT)
Place of publication New York :
Name of publisher LFB Scholarly Pub. LLC,
Year of publication 2005.
300 ## - PHYSICAL DESCRIPTION
Number of Pages xii, 252 p. :
Other physical details ill.
490 1# - SERIES STATEMENT
Series statement The new Americans
650 #0 - SUBJECT ADDED ENTRY--TOPICAL TERM
Topical Term Student mobility
Topical Term Academic achievement
Topical Term Social capital (Sociology)
Topical Term Mexican American students.
Topical Term Minority students
856 40 - ELECTRONIC LOCATION AND ACCESS
Uniform Resource Identifier http://site.ebrary.com/lib/rucke/Doc?id=10115157

No items available.

© 2026 Rongo University
Contact us: librarian | system librarian | Rongo university